| Tag |
First Indicator |
Second Indicator |
Subfields |
| LEADER |
00000cem a2200000Ia 4500 |
| 001 |
in00001370513 |
| 005 |
20151006081131.0 |
| 007 |
aj aanzn |
| 008 |
970206s1996 vaub bd b f 1 eng d |
| 020 |
|
|
|a 0607861606
|
| 020 |
|
|
|a 9780607861600
|
| 034 |
1 |
|
|a a
|b 5000000
|
| 035 |
|
|
|a (OCoLC)ocm36331510
|
| 035 |
|
|
|9 AHJ1964AM
|
| 035 |
|
|
|a (OCoLC)36331510
|
| 037 |
|
|
|a 9-780607-861617
|b USGS
|
| 040 |
|
|
|a GIS
|c GIS
|d GPO
|d OCL
|d SPI
|d OCLCQ
|d TXA
|d UtOrBLW
|
| 043 |
|
|
|a zma----
|
| 049 |
|
|
|a TXAM
|
| 050 |
|
4 |
|a G3702
|b .G3 no.I-2350
|
| 052 |
|
|
|a 3182
|b M3
|
| 074 |
|
|
|a 0619-G-08
|
| 086 |
0 |
|
|a I 19.91:I-2350 (MC-21)
|
| 110 |
2 |
|
|a Geological Survey (U.S.)
|
| 245 |
1 |
0 |
|a Revised shaded relief map and controlled color photomosaic of the Iapygia quadrangle (MC-21) of Mars /
|c U.S. Department of the Interior, U.S. Geological Survey ; prepared for the National Aeronautics and Space Administration.
|
| 255 |
|
|
|a Scale 1:5,000,000 (1 mm = 5 km) at 0⁰ latitude ;
|b Mercator proj.
|
| 264 |
|
1 |
|a Reston, VA :
|b The Survey ;
|c 1996.
|
| 264 |
|
2 |
|a Denver, CO :
|b For sale by Information Services,
|
| 300 |
|
|
|a 2 maps ;
|c each 37 x 53 cm., on sheets 66 x 71 cm. and 51 x 68 cm., folded in envelope 30 x 24 cm.
|
| 336 |
|
|
|a cartographic image
|b cri
|2 rdacontent
|
| 337 |
|
|
|a unmediated
|b n
|2 rdamedia
|
| 338 |
|
|
|a sheet
|b nb
|2 rdacarrier
|
| 490 |
1 |
|
|a I ;
|v 2350 (MC-21)
|
| 490 |
1 |
|
|a Atlas of Mars, 1:5,000,000 topographic series ;
|v Iapygia quadrangle
|
| 500 |
|
|
|a Relief shown by shading.
|
| 500 |
|
|
|a Coordinates shown as: W 315⁰--E 270⁰/N 0⁰--S -30⁰.
|
| 500 |
|
|
|a Title from envelope.
|
| 500 |
|
|
|a "Prepared on behalf of the Planetary Geology Program, Solar System Exploration Division, Office of Space Science, National Aeronautics and Space Administration."
|
| 500 |
|
|
|a Includes text, bibliographical references, index maps, and 3 location maps.
|
| 504 |
|
|
|a Includes text, bibliographical references, index maps, and 3 location maps.
|
| 505 |
0 |
|
|a Sheet 1. Revised shaded relief map of the Iapygia quadrangle (MC-21) of Mars -- Sheet 2. Controlled color photomosaic of the Iapygia quadrangle (MC-21) of Mars.
|
| 500 |
|
|
|a "M 5M -15/292 RN, 1996."
|
| 500 |
|
|
|a Cartographic material.
|
| 651 |
|
0 |
|a Mars (Planet)
|v Remote-sensing maps.
|
| 710 |
1 |
|
|a United States.
|b National Aeronautics and Space Administration.
|
| 710 |
2 |
|
|a Planetary Geology Program (U.S.)
|
| 740 |
0 |
2 |
|a Revised shaded relief map of the Iapygia quadrangle (MC-21) of Mars.
|
| 740 |
0 |
2 |
|a Controlled color photomosaic of the Iapygia quadrangle (MC-21) of Mars.
|
| 830 |
|
0 |
|a Miscellaneous investigations series (Geological Survey (U.S.)) ;
|v map I-2350.
|
| 810 |
2 |
|
|a Geological Survey (U.S.).
|t Atlas of Mars.
|p 1:5,000,000 topographic series.
|
| 994 |
|
|
|a C0
|b TXA
|
| 948 |
|
|
|a cataloged
|b h
|c 2010/06/08
|e rzeske
|f 03:43:10 pm
|
| 999 |
|
|
|a MARS
|
| 999 |
f |
f |
|s 9a1d2eaf-223e-3a00-85f8-cb27dfd9d4d4
|i d9c03955-1542-33bc-a889-11d42633fe00
|t 0
|
| 952 |
f |
f |
|p normal
|a Texas A&M University
|b College Station
|c Sterling C. Evans Library
|d Evans: Maps File (2nd floor)
|t 0
|e I 19.91:I-2350
|h Superintendent of Documents classification
|i unmediated -- sheet
|m A14821001084
|
| 998 |
f |
f |
|a I 19.91:I-2350
|t 0
|l Evans: Maps File (2nd floor)
|